000
00284nam a2200097Ia 4500
008
220214s9999 xx 000 0 und d
245
0
_a
Stem breaking of arecanut palms
260
_b
Leflet No.4 published by The Indian Central Arecanut Committee, Kozhikode
300
_a
4p
942
_c
RE
999
_c
46480
_d
46480